LEADER 01507oam 2200445 450 001 9910707158703321 005 20160428080227.0 035 $a(CKB)5470000002461910 035 $a(OCoLC)948165256 035 $a(OCoLC)995470000002461910 035 $a(EXLCZ)995470000002461910 100 $a20160428d1978 ua 0 101 0 $aeng 135 $aur||||||||||| 181 $ctxt$2rdacontent 182 $cc$2rdamedia 183 $acr$2rdacarrier 200 10$aSynoptic radio maps of the sun at 3.3mm, 1970-1973 /$fby Earle B. Mayfield and Fred I. Skimabukuro 210 1$aBoulder, Colorado :$cWorld Data Center A for Solar-Terrestrial Physics,$d1978. 215 $a1 online resource (30 pages) $cillustrations 225 1 $aWorld Data Center A for Solar-Terrestrial Physics report UAG ;$v66 300 $aMay 1978. 300 $aTitle from title screen (viewed April 28, 2016). 320 $aIncludes bibliographical references (page 4). 606 $aRadio telescopes 606 $aSynoptic meteorology 607 $aSun$vMaps 608 $aMaps.$2lcgft 615 0$aRadio telescopes. 615 0$aSynoptic meteorology. 700 $aMayfield$b Earle B.$01386507 702 $aShimabukuro$b F. I$g(Fred I.), 712 02$aWorld Data Center A for Solar-Terrestrial Physics, 801 0$bGPO 801 1$bGPO 801 2$bGPO 906 $aBOOK 912 $a9910707158703321 996 $aSynoptic radio maps of the sun at 3.3mm, 1970-1973$93481846 997 $aUNINA LEADER 02185oam 2200565 450 001 9910706963503321 005 20180411104458.0 035 $a(CKB)5470000002459842 035 $a(OCoLC)896810580 035 $a(OCoLC)995470000002459842 035 $a(EXLCZ)995470000002459842 100 $a20141123d1978 ua 0 101 0 $aeng 135 $aurmn||||||||| 181 $ctxt$2rdacontent 182 $cc$2rdamedia 183 $acr$2rdacarrier 200 10$aGeology and geochemistry of the west ore body and associated skarns, Copper Canyon porphyry copper deposit, Lander County, Nevada /$fby Ted G. Theodore and David W. Blake; with a section on Electron microbe analyses of andradite and diopside by Norman G. Banks 210 1$aWashington :$cUnited States Department of the Interior, Geological Survey,$d1978. 215 $a1 online resource (v, C85 pages) $cillustrations, maps +$e1 plate 225 1 $aGeological Survey professional paper ;$v798-C 225 1 $aGeochemistry of the porphyry copper environment in the Battle Mountain Mining District, Nevada 300 $aTitle from title screen (viewed October 6, 2014). 320 $aIncludes bibliographical references (pages C82-C85) 606 $aCopper ores$zNevada$zBattle Mountain Mining District 606 $aCopper ores$zNevada$zCopper Canyon (Lander County) 606 $aGeology$zNevada$zCopper Canyon (Lander County) 606 $aGeochemistry 606 $aGeochemistry$2fast 606 $aGeology$2fast 607 $aNevada$zLander County$2fast 615 0$aCopper ores 615 0$aCopper ores 615 0$aGeology 615 0$aGeochemistry. 615 7$aGeochemistry. 615 7$aGeology. 700 $aTheodore$b Ted G.$01393591 702 $aBanks$b Norman G. 702 $aBlake$b David W. 712 02$aGeological Survey (U.S.), 801 0$bCOP 801 1$bCOP 801 2$bOCLCO 801 2$bOCLCF 801 2$bGPO 906 $aBOOK 912 $a9910706963503321 996 $aGeology and geochemistry of the west ore body and associated skarns, Copper Canyon porphyry copper deposit, Lander County, Nevada$93532296 997 $aUNINA